• 首页
  • 本馆介绍
  • 公告通知
  • 最新文献
  • 馆藏检索
  • 电子资源
  • 读者导购
  • 参考咨询
  • 我的图书馆
  • 登录
  • 详细信息显示
  • 放入我的书架
  • 预约/预借图书
  • 作者相关作品
  • 分类相关作品
  • 丛书相关作品
  • 出版社相关作品

书目信息

  • 表格格式
  • 工作单格式
  • 卡片格式
题名:
高效养肉牛
    
 
作者: 魏刚才 , 王岩保 主编
分册:  
出版信息: 北京   机械工业出版社  2015.02
页数: 291页
开本: 21cm
丛书名:
单 册:
中图分类: S823.9
科图分类:
主题词: 肉牛--饲养管理
电子资源:
ISBN: 978-7-111-48375-5
000 00828nam0 2200229 450
001 5309
005 20181015131628.86
010    @a978-7-111-48375-5@dCNY29.80
100    @a20150712d2015 em y0chiy50 ea
101 0  @achi
102    @aCN@b110000
105    @aa z 000yy
200 1  @a高效养肉牛@9gao xiao yang rou niu@f魏刚才,王岩保主编
210    @a北京@c机械工业出版社@d2015.02
215    @a291页@c彩照@d21cm
330    @a本书全面系统地介绍了肉牛的生物学特性及生长发育规律,肉牛的品种、杂交利用及繁殖,肉牛场的建设,肉牛的饲料营养和日粮配制,肉牛的饲养管理,肉牛的育肥,肉牛的疾病控制,肉牛场的经营管理等内容。
606 0  @a肉牛@x饲养管理
690    @aS823.9@v5
701  0 @a魏刚才@9wei gang cai@f(1962-)@4主编
701  0 @a王岩保@9wang yan bao@4主编
801  0 @aCN@b91MARC@c20150712
905    @aMuseLib@dS823.9@e180
    
    高效养肉牛/魏刚才,王岩保主编.-北京:机械工业出版社,2015.02
    291页:彩照;21cm
    
    
    ISBN 978-7-111-48375-5:CNY29.80
    本书全面系统地介绍了肉牛的生物学特性及生长发育规律,肉牛的品种、杂交利用及繁殖,肉牛场的建设,肉牛的饲料营养和日粮配制,肉牛的饲养管理,肉牛的育肥,肉牛的疾病控制,肉牛场的经营管理等内容。
●
相关链接 在E读中查询图书 在五车中查询图书 在当当中查询图书 在豆瓣中查询图书


正题名:高效养肉牛     索取号:S823.9/180         预约/预借

序号 登录号 条形码 馆藏地/架位号 状态 备注
1 1129104   211291047   第二样本阅览室/ [索取号:S823.9/180] 在馆    
2 1129105   211291056   第三借阅区/ [索取号:S823.9/180] 在馆    
3 1129106   211291065   第三借阅区/ [索取号:S823.9/180] 在馆    
4 1129107   211291074   第三借阅区/ [索取号:S823.9/180] 在馆    
5 1129108   211291083   密集书库-生命科学系/ [索取号:S823.9/180] 在馆    
唐山师范学院图书馆 欢迎您!
大连网信软件有限公司© 版权所有